Loading...
| Religion | 0 | 3 | 1 | 0 | 25 | 64 | 85.00 | 0 | 2 | 7.04 | 15.83 |
| Literature - World | 0 | 2 | 0 | 0 | 20 | 109 | 110.00 | 1 | 1 | 0.26 | 6.43 |
| Fine Arts - Painting and Sculpture | 0 | 2 | 0 | 0 | 20 | 52 | 54.00 | 1 | 2 | 11.11 | 15.00 |
| History - World | 0 | 2 | 0 | 0 | 20 | 63 | 63.50 | 0 | 2 | 7.95 | 15.48 |
| Popular Culture | 0 | 2 | 1 | 2 | 15 | 91 | 100.50 | 0 | 0 | 4.17 | 12.86 |
| Literature - British | 0 | 2 | 1 | 0 | 15 | 61 | 80.50 | 0 | 2 | 6.36 | 13.81 |
| Fine Arts - Other | 0 | 1 | 0 | 0 | 10 | 114 | 114.00 | 0 | 1 | 0.34 | 6.67 |
| Geography | 0 | 1 | 0 | 0 | 10 | 105 | 105.00 | 1 | 1 | 2.35 | 20.00 |
| History - European | 0 | 1 | 0 | 0 | 10 | 25 | 25.00 | 0 | 1 | 7.79 | 8.33 |
| Philosophy | 0 | 1 | 0 | 0 | 10 | 42 | 42.00 | 1 | 1 | 7.35 | 12.50 |
| Science - Physics | 0 | 1 | 0 | 0 | 10 | 63 | 63.00 | 0 | 0 | 4.42 | 1.67 |
| Social Science | 0 | 1 | 0 | 1 | 10 | 96 | 96.00 | 0 | 0 | 1.49 | 6.25 |
| Mythology | 0 | 1 | 1 | 1 | 5 | 112 | 112.00 | 0 | 1 | 0.09 | 7.14 |
| Science - Chemistry | 0 | 1 | 1 | 0 | 5 | 102 | 102.00 | 0 | 0 | 0.10 | 5.00 |